000 00386cam a22001097a 4500
008 180718b1974 xxu||||| |||| 00| 0 eng d
082 _aX24x5453 K45
100 _aReport of the Expert Committee
245 _aPerformance approach to cost reduction in building construction
_cby Report of the Expert Committee, Kerala
260 _aTrivandrum
_bThe Government Press
_c1974
300 _a127+p.
999 _c498773
_d498773